000 00907nam a2200289Ia 4500
001 Para_8007
003 CHAP
008 220125s1908 xx 000 0 und d
010 _a206936
040 _cCHAP
082 _aPA-C 595.75 H4
100 _aGuilbeau, Braxton, H.
_9173336
245 _aThe origin and formation of the frothin spittle-insects /
_c by Braxton H. Guilbeau
250 _aHemipteras; 11
300 _a6 p.
440 _aHemiptera ; 11
_9173319
500 _aSobretiro de: The American Naturlist 42: 783-798, 1908 Encuadernado con otros impresos similares
650 _aHemípteros
_x colecciones de escritos / Cercopidae
_9173331
710 _aThe American Naturalist 42
_9173337
901 _aPA-C 595.75 H4
902 _aA
905 _a0000001908 0000000000 00
910 _a1908
942 _cPARA
942 _cPARA
_d1
999 _c206936
_d206936